Organic chemistry

Shranjeno v:
Bibliografske podrobnosti
Glavni avtor: Carey, Francis A.
Format: Knjiga
Jezik:Vietnamese
Izdano: McGraw-Hill 2006
Oznake: Označite
Brez oznak, prvi označite!
Thư viện lưu trữ: Mạng thư viện Đại học Đà Nẵng
LEADER 00598nam a2200253 4500
001 000021822
003 18270
005 20150423140414.0
008 150423s2006 viesd
020 |c 00 
041 0 |a vie 
082 1 4 |a 547  |b CA-F 
100 1 |a Carey, Francis A. 
245 1 0 |a Organic chemistry  |c Francis A. Carey 
260 |b McGraw-Hill  |c 2006 
300 |a tr.  |c cm. 
OWN |a LSP 
999 |a From the UDN01 
TYP |a Monograph 
TYP |a Printed language 
980 |a Mạng thư viện Đại học Đà Nẵng